000 01461nam a2200385 a 4500
999 _c204313
_d204313
003 BLK
005 20240826104021.0
008 180411b bul|||||r ||||||| ||bul||
010 _aKNG00213870000
020 _a978-619-171-041-6
040 _aBLK
041 _aBUL
_cBUL
072 7 _2bullib
_aН83
_xЧужда художествена литература Н
080 _aАмериканска литература (на САЩ)
_b821.111(73)
_x-312.9
_z821.111(73)-312.9
100 1 _aРибар, Линдзи
_eпърви автор
_9350339
139 _aРибар, Линдзи
_bР 58
245 1 0 _aКамъните падат, всички умират
_bРоман
_cЛиндзи Рибар; прев. от англ. Гергана Минкова.
257 _aUSA
260 _aсофия
_bOrange Books
_c2017
_fКостинброд : Мултипринт
300 _a320 с.
_c20 см
380 _aX
500 _aОриг. загл. Rocks Fall, Everyone Dies / Lindsay Ribar.
653 _aфантастика
653 _aромани
659 _aН
700 _aМинкова, Гергана Стефанова
_eпрев. от англ.
_91021
852 _aЦб 290086
856 4 _qpdf
856 4 _qpdf
942 _cKNG
_n0
_019
_s1
944 _aCR
_c30.10.2017
_lМартин Енчев
_k30575
944 _aED
_c08.11.2017
_lф /
_kЛюдмила_Стоянова
999 _d204313
999 _d204313